Schiavit e̮ libert d̉ell'uomo / (Record n. 358869)
[ formato base ]
| 000 -LEADER | |
|---|---|
| fixed length control field | 02386nam a2200313 i 4500 |
| 001 - CONTROL NUMBER | |
| control field | 000000139717 |
| 003 - CONTROL NUMBER IDENTIFIER | |
| control field | IT-MiSPE |
| 005 - DATE AND TIME OF LATEST TRANSACTION | |
| control field | 20200905172841.0 |
| 008 - FIXED-LENGTH DATA ELEMENTS--GENERAL INFORMATION | |
| fixed length control field | 100928s2010 it b u000 u ita c |
| 020 ## - INTERNATIONAL STANDARD BOOK NUMBER | |
| International Standard Book Number | 9788845264931 |
| Terms of availability | 30.00 EUR |
| 040 ## - CATALOGING SOURCE | |
| Original cataloging agency | IT-MiSPE |
| Language of cataloging | ita |
| Transcribing agency | IT-MiSPE |
| 041 1# - LANGUAGE CODE | |
| Language code of text/sound track or separate title | ita |
| -- | rus |
| Language code of original | rus |
| 082 04 - DEWEY DECIMAL CLASSIFICATION NUMBER | |
| Classification number | 197-BER ni sc (axa 23275) |
| 100 1# - MAIN ENTRY--PERSONAL NAME | |
| 9 (RLIN) | 7471 |
| Personal name | Berdjaev, Nikolaj Aleksandrovič |
| Dates associated with a name | 1874-1948 |
| 240 10 - UNIFORM TITLE | |
| Uniform title | Rabstve i svobode celoveka. |
| Language of a work | Italiano e russo |
| 245 10 - TITLE STATEMENT | |
| Title | Schiavit e̮ libert d̉ell'uomo / |
| Statement of responsibility, etc. | Nikolaj Aleksandrovič Berdjaev ; saggio introduttiva, traduzione e note di Enrico Macchetti. |
| 260 ## - PUBLICATION, DISTRIBUTION, ETC. (IMPRINT) | |
| Place of publication, distribution, etc. | Milano : |
| Name of publisher, distributor, etc. | Bompiani, |
| Date of publication, distribution, etc. | 2010. |
| 300 ## - PHYSICAL DESCRIPTION | |
| Extent | 678 p. ; |
| Dimensions | 22 cm |
| 490 1# - SERIES STATEMENT | |
| Series statement | Bompiani Il pensiero occidentale |
| 504 ## - BIBLIOGRAPHY, ETC. NOTE | |
| Bibliography, etc | Bibliogr. di N.A. Berdjaev p. [47]-55. |
| 520 ## - SUMMARY, ETC. | |
| Summary, etc. | Pubblicato a Parigi per la prima volta nel 1939, "Schiavitù e libertà dell'uomo" è l'opera fondamentale che attesta l'interesse acquisito dall'autore nel corso degli anni '30 per la tematica della persona. In questo senso costituisce anche uno dei momenti più elevati dell'itinerario speculativo del filosofo Berdjaev, che dopo il suo trasferimento in Occidente prese parte attiva nel dibattito filosofico, soprattutto francese, entrando in contatto con gli ambienti della filosofia dell'esistenza e fondando insieme a E. Mounier la rivista "Esprit". |
| Expansion of summary note | Composto secondo una struttura non nuova a Berdjaev, il testo sviluppa gli elementi di specificità teorica nella concezione filosofica della persona e della trascendenza cui essa inevitabilmente rimanda, passando quindi in rassegna - successivamente - le diverse possibilità di "oggettivazione", in cui la libertà della persona stessa può trovare fonti di seduzione e di asservimento. Si tratta di un testo che combina in maniera penetrante speculazione teorica e filosofia sociale (nei suoi attacchi al collettivismo socialista, al capitalismo, al nazionalismo) e che, pubblicato alla vigilia della tragedia della Seconda Guerra Mondiale, si presenta al lettore quasi come la voce di una profezia. |
| 546 ## - LANGUAGE NOTE | |
| Language note | Testo russo con trad. italiana a fronte. |
| 630 ## - SUBJECT ADDED ENTRY--UNIFORM TITLE | |
| Uniform title | Filosofia. |
| Language of a work | rus |
| General subdivision | Filosofia russa. |
| 9 (RLIN) | 58449 |
| 700 1# - ADDED ENTRY--PERSONAL NAME | |
| 9 (RLIN) | 48874 |
| Personal name | Macchetti, Enrico |
| Dates associated with a name | 1981- |
| 830 #0 - SERIES ADDED ENTRY--UNIFORM TITLE | |
| Uniform title | Pensiero occidentale (Bompiani) |
| 9 (RLIN) | 57130 |
| 942 ## - ADDED ENTRY ELEMENTS (KOHA) | |
| Institution code [OBSOLETE] | IT-MiSPE |
| Koha item type | LIBRO |
| 983 #0 - EQUIVALENCE OR CROSS-REFERENCE--SERIES STATEMENT-TITLE/UNIFORM TITLE [LOCAL, CANADA] | |
| Uniform title | Bompiani Il pensiero occidentale. |
| Withdrawn status | Lost status | Source of classification or shelving scheme | Damaged status | Not for loan | Home library | Current library | Date acquired | Total Checkouts | Full call number | Barcode | Date last seen | Price effective from | Koha item type |
|---|---|---|---|---|---|---|---|---|---|---|---|---|---|
| Dewey Decimal Classification | Buone Condizioni | Not For Loan | CINISELLO | CINISELLO | 05/09/2020 | 197-BER ni sc (axa 23275) | 9788845264931 | 05/09/2020 | 05/09/2020 | LIBRO |